000 00929nam0a22002651 4500
001 rc\886280
005 20250622031634.0
035 _a(NLR Aleph) 006063298
090 _a4931794
_c4931794
100 _a20041129d1984 |||y0rusy50 ca
101 0 _arus
102 _aRU
105 _aa |||||||||
200 1 _aАкустические волны в анизотропных кристаллах висмута, сурьмы и мышьяка
210 _aКишинев
_cИПФ
_d1984
215 _a[1], 56 с.
_cграф.
_d22
225 1 _aПрепринт
_fАН МССР, Ин-т прикл. физики
_vИПФ 84-4
320 _aБиблиогр.: с. 52-56
700 1 _aГицу
_bД.В.
_f1931-
_gДмитрий Васильевич
701 1 _aГолбан
_bИ.М.
_gИван Максимович
801 0 _aRU
_bNLR
_gpsbo
801 1 _aRU
_bELAR
_2rusmarc
852 _aNLR
_j85-6/5160
942 _cBOOK
980 _aNB